विपणनाची मूलतत्‍वे (Record no. 35606)

MARC details
000 -LEADER
fixed length control field 00466nam a2200169Ia 4500
008 - FIXED-LENGTH DATA ELEMENTS--GENERAL INFORMATION
fixed length control field 220531s9999 xx 000 0 und d
041 ## - LANGUAGE CODE
Language code of text/sound track or separate title mar
100 ## - MAIN ENTRY--PERSONAL NAME
Personal name कुलकर्णी महेश आणि इतर
9 (RLIN) 62584
245 ## - TITLE STATEMENT
Title विपणनाची मूलतत्‍वे
250 ## - EDITION STATEMENT
Edition statement 1ST
260 ## - PUBLICATION, DISTRIBUTION, ETC. (IMPRINT)
Place of publication, distribution, etc. Pune
Name of publisher, distributor, etc. Nirali
Date of publication, distribution, etc. 2013
300 ## - PHYSICAL DESCRIPTION
Extent 8.14
542 ## - INFORMATION RELATING TO COPYRIGHT STATUS
Copyright holder 10-09-2013
650 ## - SUBJECT ADDED ENTRY--TOPICAL TERM
Topical term or geographic name as entry element commerce
9 (RLIN) 62585
906 ## - LOCAL DATA ELEMENT F, LDF (RLIN)
d 2013-2014
Holdings
Withdrawn status Lost status Source of classification or shelving scheme Damaged status Not for loan Collection code Home library Current library Date acquired Vendor Cost, normal purchase price Total Checkouts Total Holds Full call number Barcode Date last seen Bill Date Koha item type Original Barcode
Withdrawn   Dewey Decimal Classification       Shri Siddhivinayak Mahila Mahavidyalaya Shri Siddhivinayak Mahila Mahavidyalaya 10/09/2013 Nirali 150.00   5 /-/B/16609 SSMM-BK-16609 06/08/2022 06/08/2022 Books 010016609